[Event "Poznan Chess Festival"]
[Site "chess24.com"]
[Date "2021.08.19"]
[Round "6"]
[White "Andrzejewska, Anna"]
[Black "Mackiewicz, Piotr"]
[Result "1-0"]
[Board "12"]
[WhiteElo "1948"]
[WhiteTitle "WCM"]
[WhiteCountry "POL"]
[WhiteFideId "1127284"]
[WhiteEloChange "5"]
[BlackElo "1771"]
[BlackCountry "POL"]
[BlackFideId "1139657"]
[BlackEloChange "-5"]

1. e4 {[%clk 1:30:59]} e6 {[%clk 1:30:53]} 2. d4 {[%clk 1:31:15]} d5 {[%clk
1:31:18]} 3. Nc3 {[%clk 1:29:17]} Bb4 {[%clk 1:31:43]} 4. e5 {[%clk 1:28:55]} c5
{[%clk 1:32:07]} 5. Bd2 {[%clk 1:28:41]} Ne7 {[%clk 1:32:26]} 6. Nb5 {[%clk
1:21:58]} Bxd2+ {[%clk 1:31:16]} 7. Qxd2 {[%clk 1:22:18]} O-O {[%clk 1:31:40]} 8.
dxc5 {[%clk 1:14:09]} Nd7 {[%clk 1:30:34]} 9. Nf3 {[%clk 1:04:14]} Nxc5 {[%clk
1:30:44]} 10. c3 {[%clk 0:53:27]} f6 {[%clk 1:24:07]} 11. exf6 {[%clk 0:49:30]}
Rxf6 {[%clk 1:24:35]} 12. Be2 {[%clk 0:44:13]} a6 {[%clk 1:13:35]} 13. Na3 {[%clk
0:40:28]} Qd6 {[%clk 1:12:01]} 14. O-O {[%clk 0:37:41]} e5 {[%clk 1:06:10]} 15.
c4 {[%clk 0:35:18]} d4 {[%clk 0:38:21]} 16. b4 {[%clk 0:32:54]} Ne4 {[%clk
0:36:16]} 17. Qb2 {[%clk 0:32:19]} Ng6 {[%clk 0:17:34]} 18. c5 {[%clk 0:30:24]}
Qe7 {[%clk 0:17:18]} 19. Nc4 {[%clk 0:25:42]} Bd7 {[%clk 0:13:42]} 20. Nb6 {[%clk
0:22:40]} Rxb6 {[%clk 0:08:40]} 21. cxb6 {[%clk 0:22:58]} Nf4 {[%clk 0:09:01]}
22. Bc4+ {[%clk 0:20:49]} Kh8 {[%clk 0:08:06]} 23. Rfe1 {[%clk 0:18:56]} Bf5
{[%clk 0:06:59]} 24. a4 {[%clk 0:17:26]} Re8 {[%clk 0:05:08]} 25. a5 {[%clk
0:12:55]} Qf6 {[%clk 0:05:23]} 26. b5 {[%clk 0:10:23]} Nd6 {[%clk 0:03:05]} 27.
Bf1 {[%clk 0:08:21]} axb5 {[%clk 0:01:42]} 28. Bxb5 {[%clk 0:07:46]} Be4 {[%clk
0:01:51]} 29. Rxe4 {[%clk 0:05:49]} Qg6 {[%clk 0:01:10]} 30. Rxf4 {[%clk
0:05:52]} Nxb5 {[%clk 0:00:54]} 31. Rh4 {[%clk 0:03:49]} Nd6 {[%clk 0:00:35]} 32.
a6 {[%clk 0:03:03]} bxa6 {[%clk 0:00:46]} 33. b7 {[%clk 0:02:36]} Nb5 {[%clk
0:00:57]} 34. Qb1 {[%clk 0:01:37]} d3 {[%clk 0:01:15]} 35. Nxe5 {[%clk 0:01:17]}
Qf6 {[%clk 0:01:25]} 36. Nf3 {[%clk 0:01:14]} Qd6 {[%clk 0:00:38]} 37. Qb4 {[%clk
0:01:02]} Qb6 {[%clk 0:00:36]} 38. Re4 {[%clk 0:00:46]} Rd8 {[%clk 0:00:41]} 39.
Nd2 {[%clk 0:00:48]} Qxb7 {[%clk 0:00:55]} 40. Re7 {[%clk 0:01:00]} Qc6 {[%clk
0:00:41]} 41. Rae1 {[%clk 0:00:44]} h6 {[%clk 0:00:33]} 42. Qe4 {[%clk 0:00:50]}
Qxe4 {[%clk 0:00:34]} 43. R7xe4 {[%clk 0:01:11]} Kh7 {[%clk 0:00:59]} 44. Ra4
{[%clk 0:01:07]} Rd6 {[%clk 0:01:20]} 45. f4 {[%clk 0:00:58]} Nc3 {[%clk
0:01:38]} 46. Rc4 {[%clk 0:00:59]} Ne2+ {[%clk 0:01:48]} 47. Kf2 {[%clk 0:01:20]}
a5 {[%clk 0:02:03]} 48. Ra1 {[%clk 0:01:22]} Rd5 {[%clk 0:02:27]} 49. Rca4 {[%clk
0:00:39]} Rf5 {[%clk 0:02:12]} 50. g3 {[%clk 0:01:03]} g5 {[%clk 0:02:33]} 51.
Rxa5 {[%clk 0:01:23]} Rf8 {[%clk 0:02:56]} 52. f5 {[%clk 0:01:17]} Kg7 {[%clk
0:03:00]} 53. Ne4 {[%clk 0:01:30]} 1-0

[Event "Poznan Chess Festival"]
[Site "chess24.com"]
[Date "2021.08.19"]
[Round "6"]
[White "Twardowski, Hubert"]
[Black "Kowalewicz, Kacper"]
[Result "0-1"]
[Board "13"]
[WhiteElo "1877"]
[WhiteCountry "POL"]
[WhiteFideId "1190415"]
[WhiteEloChange "-13"]
[BlackElo "1778"]
[BlackCountry "POL"]
[BlackFideId "1151339"]
[BlackEloChange "13"]

1. e4 {[%clk 1:30:47]} e5 {[%clk 1:30:49]} 2. Nf3 {[%clk 1:31:12]} Nf6 {[%clk
1:31:15]} 3. Nc3 {[%clk 1:31:37]} Nc6 {[%clk 1:31:39]} 4. Bb5 {[%clk 1:31:46]}
Nd4 {[%clk 1:17:15]} 5. Ba4 {[%clk 1:20:04]} Nxf3+ {[%clk 1:17:29]} 6. Qxf3
{[%clk 1:17:18]} c6 {[%clk 1:17:24]} 7. d3 {[%clk 1:17:08]} d6 {[%clk 1:15:53]}
8. Bg5 {[%clk 1:06:11]} Be7 {[%clk 1:14:49]} 9. Bb3 {[%clk 1:06:20]} Bg4 {[%clk
1:13:12]} 10. Qg3 {[%clk 0:58:06]} Qd7 {[%clk 1:12:16]} 11. f3 {[%clk 0:52:38]}
Be6 {[%clk 1:12:37]} 12. Qf2 {[%clk 0:53:03]} O-O {[%clk 1:02:39]} 13. O-O {[%clk
0:52:36]} b5 {[%clk 1:01:43]} 14. Rad1 {[%clk 0:52:08]} b4 {[%clk 1:01:36]} 15.
Bxf6 {[%clk 0:46:21]} Bxf6 {[%clk 1:00:21]} 16. Ne2 {[%clk 0:45:34]} Qe7 {[%clk
0:58:40]} 17. Ng3 {[%clk 0:42:57]} g6 {[%clk 0:58:59]} 18. Ne2 {[%clk 0:41:34]}
Bg7 {[%clk 0:52:41]} 19. Kh1 {[%clk 0:35:11]} f5 {[%clk 0:51:35]} 20. exf5 {[%clk
0:32:54]} gxf5 {[%clk 0:51:46]} 21. f4 {[%clk 0:28:40]} Bxb3 {[%clk 0:40:06]} 22.
axb3 {[%clk 0:28:53]} e4 {[%clk 0:40:04]} 23. dxe4 {[%clk 0:29:00]} fxe4 {[%clk
0:40:26]} 24. Ng3 {[%clk 0:22:21]} Bxb2 {[%clk 0:38:04]} 25. f5 {[%clk 0:18:54]}
d5 {[%clk 0:38:12]} 26. Nh5 {[%clk 0:16:19]} Qe5 {[%clk 0:36:33]} 27. g4 {[%clk
0:16:18]} e3 {[%clk 0:36:14]} 28. Qe2 {[%clk 0:15:34]} Rae8 {[%clk 0:36:02]} 29.
Rf3 {[%clk 0:15:43]} Qe4 {[%clk 0:35:59]} 30. Rg1 {[%clk 0:16:07]} Bc3 {[%clk
0:34:35]} 31. Ng3 {[%clk 0:14:38]} Qd4 {[%clk 0:33:26]} 32. g5 {[%clk 0:14:28]}
Qd2 {[%clk 0:33:22]} 33. Kg2 {[%clk 0:13:08]} Qxe2+ {[%clk 0:33:27]} 34. Nxe2
{[%clk 0:13:36]} Re5 {[%clk 0:33:43]} 35. Rgf1 {[%clk 0:13:23]} c5 {[%clk
0:32:12]} 36. Kg3 {[%clk 0:11:42]} Re4 {[%clk 0:32:11]} 37. Rf4 {[%clk 0:12:11]}
Be5 {[%clk 0:32:30]} 38. Kg4 {[%clk 0:12:23]} Bxf4 {[%clk 0:32:38]} 39. Nxf4
{[%clk 0:12:11]} c4 {[%clk 0:32:31]} 40. bxc4 {[%clk 0:11:56]} dxc4 {[%clk
0:31:41]} 41. f6 {[%clk 0:11:18]} e2 {[%clk 0:31:28]} 42. Re1 {[%clk 0:11:42]}
Rxf4+ {[%clk 0:31:24]} 43. Kxf4 {[%clk 0:12:06]} Re8 {[%clk 0:31:51]} 44. h4
{[%clk 0:09:44]} b3 {[%clk 0:32:17]} 45. cxb3 {[%clk 0:10:12]} c3 {[%clk
0:32:41]} 46. h5 {[%clk 0:07:21]} c2 {[%clk 0:33:07]} 47. g6 {[%clk 0:07:39]}
hxg6 {[%clk 0:31:56]} 48. hxg6 {[%clk 0:07:59]} c1=Q+ {[%clk 0:31:58]} 49. Rxc1
{[%clk 0:08:23]} e1=Q {[%clk 0:32:23]} 50. f7+ {[%clk 0:07:04]} Kf8 {[%clk
0:32:50]} 51. fxe8=Q+ {[%clk 0:06:40]} Qxe8 {[%clk 0:33:13]} 52. Kf5 {[%clk
0:05:43]} Qd7+ {[%clk 0:33:34]} 53. Kf6 {[%clk 0:04:52]} Qd4+ {[%clk 0:33:57]}
54. Kf5 {[%clk 0:04:41]} Qf2+ {[%clk 0:34:16]} 55. Ke4 {[%clk 0:04:05]} Qe2+
{[%clk 0:34:24]} 56. Kf5 {[%clk 0:04:09]} Qf3+ {[%clk 0:34:47]} 0-1

[Event "Poznan Chess Festival"]
[Site "chess24.com"]
[Date "2021.08.19"]
[Round "6"]
[White "Krych, Dominik"]
[Black "Grzelak, Marcin"]
[Result "1-0"]
[Board "14"]
[WhiteElo "1617"]
[WhiteCountry "POL"]
[WhiteFideId "21039070"]
[WhiteEloChange "18"]
[BlackElo "1978"]
[BlackCountry "POL"]
[BlackFideId "1133519"]
[BlackEloChange "-18"]

1. d4 {[%clk 1:30:58]} Nf6 {[%clk 1:30:48]} 2. Bf4 {[%clk 1:31:16]} g6 {[%clk
1:27:26]} 3. Nc3 {[%clk 1:31:42]} d5 {[%clk 1:27:47]} 4. e3 {[%clk 1:32:06]} Bg7
{[%clk 1:26:27]} 5. Nb5 {[%clk 1:32:30]} Na6 {[%clk 1:26:24]} 6. Nf3 {[%clk
1:31:54]} O-O {[%clk 1:18:52]} 7. h3 {[%clk 1:32:11]} c6 {[%clk 1:17:00]} 8. Nc3
{[%clk 1:32:31]} Nc7 {[%clk 1:13:11]} 9. Bd3 {[%clk 1:32:49]} Nce8 {[%clk
1:05:59]} 10. Ne5 {[%clk 1:31:15]} Nd6 {[%clk 1:06:08]} 11. f3 {[%clk 1:31:27]}
Qa5 {[%clk 0:57:00]} 12. Qd2 {[%clk 1:25:26]} Nd7 {[%clk 0:46:40]} 13. O-O {[%clk
1:21:16]} Nxe5 {[%clk 0:44:48]} 14. Bxe5 {[%clk 1:21:24]} Bxe5 {[%clk 0:42:09]}
15. dxe5 {[%clk 1:21:45]} Nc4 {[%clk 0:42:32]} 16. Bxc4 {[%clk 1:21:49]} dxc4
{[%clk 0:43:01]} 17. f4 {[%clk 1:19:10]} Be6 {[%clk 0:36:26]} 18. Qf2 {[%clk
1:17:00]} f6 {[%clk 0:32:37]} 19. exf6 {[%clk 1:13:08]} exf6 {[%clk 0:31:59]} 20.
e4 {[%clk 1:13:18]} Qb6 {[%clk 0:26:03]} 21. Qxb6 {[%clk 1:12:33]} axb6 {[%clk
0:21:56]} 22. Rad1 {[%clk 1:12:53]} Rad8 {[%clk 0:20:16]} 23. a3 {[%clk 1:12:21]}
Kf7 {[%clk 0:15:34]} 24. Kf2 {[%clk 1:07:47]} Rxd1 {[%clk 0:11:18]} 25. Rxd1
{[%clk 1:08:01]} h5 {[%clk 0:10:36]} 26. Kf3 {[%clk 1:01:49]} h4 {[%clk 0:10:44]}
27. Na4 {[%clk 1:00:39]} b5 {[%clk 0:10:46]} 28. Nc5 {[%clk 1:01:01]} Bc8 {[%clk
0:10:53]} 29. Nxb7 {[%clk 1:01:11]} Ke7 {[%clk 0:10:05]} 30. Nc5 {[%clk 0:56:26]}
Be6 {[%clk 0:08:56]} 31. Nxe6 {[%clk 0:56:33]} Kxe6 {[%clk 0:09:24]} 32. Kg4
{[%clk 0:56:58]} c3 {[%clk 0:09:20]} 33. bxc3 {[%clk 0:53:04]} Ra8 {[%clk
0:09:42]} 34. Kxh4 {[%clk 0:51:11]} Rxa3 {[%clk 0:09:45]} 35. g4 {[%clk 0:46:50]}
Rxc3 {[%clk 0:08:09]} 36. Rd2 {[%clk 0:44:57]} b4 {[%clk 0:07:01]} 37. g5 {[%clk
0:42:49]} fxg5+ {[%clk 0:07:07]} 38. Kxg5 {[%clk 0:43:02]} Rg3+ {[%clk 0:07:36]}
39. Kh4 {[%clk 0:41:57]} Rc3 {[%clk 0:07:59]} 40. Kg4 {[%clk 0:40:15]} Re3 {[%clk
0:03:20]} 41. Rd4 {[%clk 0:37:18]} c5 {[%clk 0:03:42]} 42. Rc4 {[%clk 0:36:11]}
Kd6 {[%clk 0:04:05]} 43. f5 {[%clk 0:36:27]} gxf5+ {[%clk 0:04:11]} 44. exf5
{[%clk 0:36:37]} Kd5 {[%clk 0:02:56]} 45. Rf4 {[%clk 0:35:46]} Re8 {[%clk
0:01:55]} 46. f6 {[%clk 0:33:40]} c4 {[%clk 0:02:18]} 47. f7 {[%clk 0:30:47]} Rf8
{[%clk 0:02:43]} 48. Kg5 {[%clk 0:30:40]} b3 {[%clk 0:03:08]} 49. cxb3 {[%clk
0:31:00]} cxb3 {[%clk 0:03:22]} 50. Kg6 {[%clk 0:31:12]} 1-0

[Event "Poznan Chess Festival"]
[Site "chess24.com"]
[Date "2021.08.19"]
[Round "6"]
[White "Kostecka, Marika"]
[Black "Czarnolewski, Piotr"]
[Result "1-0"]
[Board "16"]
[WhiteElo "1833"]
[WhiteTitle "WCM"]
[WhiteCountry "POL"]
[WhiteFideId "1193473"]
[WhiteEloChange "3"]
[BlackElo "1562"]
[BlackCountry "POL"]
[BlackFideId "1133489"]
[BlackEloChange "-3"]

1. e4 {[%clk 1:25:04]} e5 {[%clk 1:30:22]} 2. Nf3 {[%clk 1:25:30]} Nc6 {[%clk
1:30:35]} 3. Bb5 {[%clk 1:25:55]} a6 {[%clk 1:30:48]} 4. Ba4 {[%clk 1:26:15]} Nf6
{[%clk 1:30:51]} 5. O-O {[%clk 1:26:41]} Be7 {[%clk 1:31:01]} 6. Re1 {[%clk
1:27:08]} b5 {[%clk 1:31:12]} 7. Bb3 {[%clk 1:27:35]} O-O {[%clk 1:30:43]} 8. a4
{[%clk 1:27:57]} b4 {[%clk 1:27:16]} 9. d3 {[%clk 1:28:21]} d6 {[%clk 1:25:56]}
10. a5 {[%clk 1:28:10]} Rb8 {[%clk 1:22:57]} 11. Nbd2 {[%clk 1:28:08]} Na7 {[%clk
1:14:29]} 12. h3 {[%clk 1:26:09]} Nd7 {[%clk 1:12:19]} 13. Bc4 {[%clk 1:14:22]}
Nb5 {[%clk 1:08:37]} 14. Nf1 {[%clk 1:13:02]} c6 {[%clk 1:05:02]} 15. Bd2 {[%clk
1:08:21]} c5 {[%clk 1:02:14]} 16. Ne3 {[%clk 1:05:08]} Nf6 {[%clk 0:59:46]} 17.
c3 {[%clk 1:00:16]} bxc3 {[%clk 0:57:14]} 18. bxc3 {[%clk 0:59:33]} Bd7 {[%clk
0:53:22]} 19. Qc2 {[%clk 0:58:31]} Re8 {[%clk 0:50:10]} 20. Qa2 {[%clk 0:56:18]}
Rf8 {[%clk 0:49:56]} 21. Reb1 {[%clk 0:52:56]} Nh5 {[%clk 0:44:18]} 22. Nd5
{[%clk 0:51:01]} Nf4 {[%clk 0:40:49]} 23. Nxf4 {[%clk 0:37:26]} exf4 {[%clk
0:40:57]} 24. Bxb5 {[%clk 0:37:20]} Bxb5 {[%clk 0:40:27]} 25. c4 {[%clk 0:37:37]}
Bd7 {[%clk 0:38:21]} 26. Rxb8 {[%clk 0:37:59]} Qxb8 {[%clk 0:38:27]} 27. Rb1
{[%clk 0:38:20]} Qc7 {[%clk 0:38:21]} 28. Bxf4 {[%clk 0:38:15]} Rb8 {[%clk
0:36:21]} 29. Bd2 {[%clk 0:28:23]} Bf6 {[%clk 0:35:34]} 30. Rb3 {[%clk 0:27:34]}
Rxb3 {[%clk 0:34:35]} 31. Qxb3 {[%clk 0:27:55]} Bd8 {[%clk 0:33:31]} 32. Ne1
{[%clk 0:26:22]} Bc6 {[%clk 0:32:54]} 33. Nc2 {[%clk 0:25:34]} Bb7 {[%clk
0:32:23]} 34. Bc3 {[%clk 0:23:56]} f6 {[%clk 0:32:06]} 35. Ne3 {[%clk 0:21:09]}
Kf7 {[%clk 0:31:24]} 36. Nf5 {[%clk 0:21:06]} Qd7 {[%clk 0:30:16]} 37. Qxb7
{[%clk 0:21:18]} 1-0

[Event "Poznan Chess Festival"]
[Site "chess24.com"]
[Date "2021.08.19"]
[Round "6"]
[White "Gluszynski, Michal"]
[Black "Duszczak, Dariusz"]
[Result "1/2-1/2"]
[Board "17"]
[WhiteElo "1302"]
[WhiteCountry "POL"]
[WhiteFideId "21858500"]
[WhiteEloChange "8"]
[BlackElo "1822"]
[BlackCountry "POL"]
[BlackFideId "1126954"]
[BlackEloChange "-8"]

1. e4 {[%clk 1:30:58]} c6 {[%clk 1:30:53]} 2. d4 {[%clk 1:31:22]} d5 {[%clk
1:31:20]} 3. Nc3 {[%clk 1:31:45]} dxe4 {[%clk 1:31:34]} 4. Nxe4 {[%clk 1:32:08]}
Nf6 {[%clk 1:31:58]} 5. Nxf6+ {[%clk 1:32:17]} gxf6 {[%clk 1:32:16]} 6. c3 {[%clk
1:32:07]} Bf5 {[%clk 1:32:08]} 7. Nf3 {[%clk 1:31:48]} e6 {[%clk 1:30:56]} 8. g3
{[%clk 1:31:23]} Qd5 {[%clk 1:29:37]} 9. Bg2 {[%clk 1:27:33]} Qc4 {[%clk
1:27:12]} 10. Bf1 {[%clk 1:25:47]} Qd5 {[%clk 1:27:17]} 11. Bg2 {[%clk 1:26:10]}
Qe4+ {[%clk 1:12:58]} 12. Be3 {[%clk 1:22:02]} Qd3 {[%clk 1:12:53]} 13. Qxd3
{[%clk 1:18:49]} Bxd3 {[%clk 1:13:15]} 14. O-O-O {[%clk 1:19:04]} Be4 {[%clk
1:12:32]} 15. Bf4 {[%clk 1:17:18]} Nd7 {[%clk 1:09:44]} 16. Rhe1 {[%clk 1:17:31]}
f5 {[%clk 1:09:05]} 17. Re3 {[%clk 1:01:38]} Bg7 {[%clk 0:59:31]} 18. Bh3 {[%clk
0:57:06]} Nf6 {[%clk 0:39:47]} 19. Nd2 {[%clk 0:43:57]} b5 {[%clk 0:34:33]} 20.
b3 {[%clk 0:31:48]} Nd5 {[%clk 0:30:26]} 21. Nxe4 {[%clk 0:30:15]} fxe4 {[%clk
0:30:37]} 22. Ree1 {[%clk 0:24:04]} Nxc3 {[%clk 0:30:53]} 23. Rd2 {[%clk
0:24:24]} O-O-O {[%clk 0:25:57]} 24. Re3 {[%clk 0:21:36]} b4 {[%clk 0:25:45]} 25.
Be5 {[%clk 0:19:49]} Bxe5 {[%clk 0:14:59]} 26. dxe5 {[%clk 0:20:12]} Rxd2 {[%clk
0:15:23]} 27. Kxd2 {[%clk 0:20:37]} Rd8+ {[%clk 0:15:47]} 28. Kc2 {[%clk
0:20:47]} Rd5 {[%clk 0:15:31]} 29. f4 {[%clk 0:17:36]} Kd7 {[%clk 0:14:49]} 30.
a3 {[%clk 0:16:03]} a5 {[%clk 0:15:13]} 31. axb4 {[%clk 0:16:25]} axb4 {[%clk
0:15:38]} 32. Bg2 {[%clk 0:16:49]} Ra5 {[%clk 0:07:51]} 33. Bxe4 {[%clk 0:13:12]}
Ra2+ {[%clk 0:08:08]} 34. Kd3 {[%clk 0:13:27]} Rxh2 {[%clk 0:04:41]} 35. Kc4
{[%clk 0:12:46]} Rh3 {[%clk 0:04:14]} 36. Bg2 {[%clk 0:10:44]} Rh2 {[%clk
0:04:29]} 37. Bf3 {[%clk 0:10:15]} Na2 {[%clk 0:03:57]} 38. Re2 {[%clk 0:08:36]}
Rxe2 {[%clk 0:00:55]} 39. Bxe2 {[%clk 0:08:36]} Nc3 {[%clk 0:00:55]} 40. Bf3
{[%clk 0:08:36]} Nd5 {[%clk 0:00:55]} 41. Bxd5 {[%clk 0:09:00]} exd5+ {[%clk
0:01:19]} 42. Kxb4 {[%clk 0:09:00]} Ke6 {[%clk 0:01:42]} 43. Kc5 {[%clk 0:09:00]}
1/2-1/2

[Event "Poznan Chess Festival"]
[Site "chess24.com"]
[Date "2021.08.19"]
[Round "6"]
[White "Wawrzyniak, Pawel"]
[Black "Jagodzinski, Olaf"]
[Result "0-1"]
[Board "18"]
[WhiteElo "1807"]
[WhiteCountry "POL"]
[WhiteFideId "21807477"]
[WhiteEloChange "-17"]
[BlackElo "1519"]
[BlackCountry "POL"]
[BlackFideId "21002614"]
[BlackEloChange "17"]

1. d4 {[%clk 1:30:52]} Nf6 {[%clk 1:30:55]} 2. c4 {[%clk 1:31:14]} e6 {[%clk
1:31:16]} 3. Nf3 {[%clk 1:31:35]} d5 {[%clk 1:31:31]} 4. Nc3 {[%clk 1:31:45]} Bb4
{[%clk 1:31:36]} 5. e3 {[%clk 1:21:24]} O-O {[%clk 1:31:51]} 6. Bd3 {[%clk
1:20:48]} c5 {[%clk 1:26:57]} 7. O-O {[%clk 1:20:57]} b6 {[%clk 1:18:57]} 8. Qe2
{[%clk 1:02:56]} Bb7 {[%clk 1:16:21]} 9. Rd1 {[%clk 1:03:08]} Qe7 {[%clk
1:10:12]} 10. Bd2 {[%clk 0:55:08]} Nc6 {[%clk 0:56:23]} 11. cxd5 {[%clk 0:32:55]}
exd5 {[%clk 0:56:24]} 12. dxc5 {[%clk 0:32:53]} bxc5 {[%clk 0:55:28]} 13. Nb1
{[%clk 0:30:07]} c4 {[%clk 0:44:38]} 14. Bxb4 {[%clk 0:20:57]} cxd3 {[%clk
0:42:55]} 15. Bxe7 {[%clk 0:18:29]} dxe2 {[%clk 0:43:18]} 16. Rc1 {[%clk
0:18:57]} Nxe7 {[%clk 0:43:32]} 17. Rc7 {[%clk 0:19:13]} Rfc8 {[%clk 0:43:48]}
0-1

[Event "Poznan Chess Festival"]
[Site "chess24.com"]
[Date "2021.08.19"]
[Round "6"]
[White "Trybowska, Barbara"]
[Black "Jagodzinski, Alan"]
[Result "1-0"]
[Board "19"]
[WhiteElo "1807"]
[WhiteCountry "POL"]
[WhiteFideId "1172956"]
[WhiteEloChange "2"]
[BlackElo "1460"]
[BlackCountry "POL"]
[BlackFideId "21899983"]
[BlackEloChange "-2"]

1. d4 {[%clk 1:30:58]} Nf6 {[%clk 1:30:52]} 2. Bf4 {[%clk 1:31:22]} e6 {[%clk
1:31:16]} 3. e3 {[%clk 1:31:46]} d5 {[%clk 1:31:28]} 4. Bd3 {[%clk 1:32:05]} Bd6
{[%clk 1:31:05]} 5. Bg3 {[%clk 1:32:28]} O-O {[%clk 1:31:03]} 6. Nd2 {[%clk
1:32:40]} c5 {[%clk 1:30:24]} 7. c3 {[%clk 1:33:03]} Nc6 {[%clk 1:30:08]} 8. Ngf3
{[%clk 1:33:27]} b6 {[%clk 1:29:34]} 9. e4 {[%clk 1:33:33]} Be7 {[%clk 1:29:14]}
10. e5 {[%clk 1:32:22]} Nh5 {[%clk 1:27:52]} 11. Ng5 {[%clk 1:27:31]} Bxg5 {[%clk
1:17:41]} 12. Qxh5 {[%clk 1:27:53]} g6 {[%clk 1:16:50]} 13. Qe2 {[%clk 1:27:40]}
cxd4 {[%clk 1:15:33]} 14. h4 {[%clk 1:27:26]} Bh6 {[%clk 1:10:01]} 15. h5 {[%clk
1:23:58]} Bg7 {[%clk 1:05:25]} 16. hxg6 {[%clk 1:00:24]} fxg6 {[%clk 1:03:33]}
17. Qg4 {[%clk 0:55:08]} dxc3 {[%clk 0:50:58]} 18. bxc3 {[%clk 0:50:21]} Rf5
{[%clk 0:47:34]} 19. Bxf5 {[%clk 0:49:13]} exf5 {[%clk 0:47:50]} 20. Qe2 {[%clk
0:39:37]} a5 {[%clk 0:45:47]} 21. Nb3 {[%clk 0:33:31]} Ba6 {[%clk 0:43:11]} 22.
Qe3 {[%clk 0:33:27]} f4 {[%clk 0:38:32]} 23. Bxf4 {[%clk 0:33:00]} Qf8 {[%clk
0:38:31]} 24. O-O-O {[%clk 0:28:54]} Qa3+ {[%clk 0:36:11]} 25. Kb1 {[%clk
0:29:09]} Bc4 {[%clk 0:35:28]} 26. Rd2 {[%clk 0:18:23]} Re8 {[%clk 0:33:24]} 27.
Qh3 {[%clk 0:13:03]} Nxe5 {[%clk 0:29:41]} 28. Qxh7+ {[%clk 0:12:52]} Kf7 {[%clk
0:29:45]} 29. Bh6 {[%clk 0:10:56]} Rg8 {[%clk 0:29:54]} 30. Rh4 {[%clk 0:07:41]}
Bd3+ {[%clk 0:29:14]} 31. Ka1 {[%clk 0:07:30]} a4 {[%clk 0:29:00]} 32. Rf4+
{[%clk 0:07:41]} Bf5 {[%clk 0:29:02]} 33. Rxf5+ {[%clk 0:07:59]} gxf5 {[%clk
0:29:03]} 34. Qxf5+ {[%clk 0:08:23]} Bf6 {[%clk 0:28:40]} 35. Qh7+ {[%clk
0:07:31]} Bg7 {[%clk 0:29:03]} 36. Bxg7 {[%clk 0:06:00]} Rxg7 {[%clk 0:29:19]}
37. Qf5+ {[%clk 0:06:25]} Kg8 {[%clk 0:29:28]} 38. Qxe5 {[%clk 0:06:38]} axb3
{[%clk 0:29:41]} 39. Qxd5+ {[%clk 0:07:01]} Kh8 {[%clk 0:28:46]} 40. Qh5+ {[%clk
0:06:55]} Rh7 {[%clk 0:29:11]} 41. Qe5+ {[%clk 0:05:27]} Rg7 {[%clk 0:27:16]} 42.
Rd8+ {[%clk 0:05:51]} 1-0

[Event "Poznan Chess Festival"]
[Site "chess24.com"]
[Date "2021.08.19"]
[Round "6"]
[White "Baranska, Monika"]
[Black "Huchwajda, Grzegorz"]
[Result "1/2-1/2"]
[Board "20"]
[WhiteElo "1767"]
[WhiteCountry "POL"]
[WhiteFideId "1130382"]
[WhiteEloChange "-7"]
[BlackElo "1440"]
[BlackCountry "POL"]
[BlackFideId "21806357"]
[BlackEloChange "7"]

1. d4 {[%clk 1:30:57]} d5 {[%clk 1:30:58]} 2. c4 {[%clk 1:31:22]} dxc4 {[%clk
1:31:22]} 3. e3 {[%clk 1:31:30]} Nf6 {[%clk 1:31:40]} 4. Bxc4 {[%clk 1:31:47]} e6
{[%clk 1:32:04]} 5. Nf3 {[%clk 1:31:49]} c5 {[%clk 1:32:23]} 6. O-O {[%clk
1:31:47]} a6 {[%clk 1:32:49]} 7. a4 {[%clk 1:32:00]} cxd4 {[%clk 1:33:16]} 8.
exd4 {[%clk 1:31:48]} Be7 {[%clk 1:31:43]} 9. Nc3 {[%clk 1:31:55]} O-O {[%clk
1:31:34]} 10. d5 {[%clk 1:29:36]} Nxd5 {[%clk 1:27:11]} 11. Nxd5 {[%clk 1:30:00]}
exd5 {[%clk 1:27:27]} 12. Bxd5 {[%clk 1:30:16]} Nd7 {[%clk 1:22:44]} 13. Be3
{[%clk 1:12:49]} Nf6 {[%clk 1:22:09]} 14. Bc4 {[%clk 1:12:37]} Qxd1 {[%clk
1:19:14]} 15. Rfxd1 {[%clk 1:12:55]} Bg4 {[%clk 1:18:54]} 16. h3 {[%clk 1:03:45]}
Bxf3 {[%clk 1:18:26]} 17. gxf3 {[%clk 1:04:13]} Rfd8 {[%clk 1:17:41]} 18. Bb6
{[%clk 1:00:48]} Rxd1+ {[%clk 1:16:55]} 19. Rxd1 {[%clk 1:01:17]} Rc8 {[%clk
1:14:37]} 20. b3 {[%clk 1:00:46]} h6 {[%clk 1:06:01]} 21. Kg2 {[%clk 0:50:12]}
Kf8 {[%clk 0:57:47]} 22. Rd3 {[%clk 0:44:35]} Rc6 {[%clk 0:46:29]} 23. Be3 {[%clk
0:42:41]} Rd6 {[%clk 0:44:20]} 24. Rxd6 {[%clk 0:32:26]} Bxd6 {[%clk 0:44:38]}
25. Kf1 {[%clk 0:32:27]} Bb4 {[%clk 0:40:10]} 26. Ke2 {[%clk 0:32:22]} Ne8 {[%clk
0:39:07]} 27. Bf4 {[%clk 0:21:00]} Nd6 {[%clk 0:36:49]} 28. Kd3 {[%clk 0:18:31]}
Ke7 {[%clk 0:30:11]} 29. Bxd6+ {[%clk 0:08:58]} Bxd6 {[%clk 0:29:46]} 30. Ke3
{[%clk 0:08:15]} Bc5+ {[%clk 0:29:15]} 31. Ke2 {[%clk 0:08:32]} a5 {[%clk
0:27:29]} 32. f4 {[%clk 0:08:41]} f5 {[%clk 0:26:33]} 33. Kf3 {[%clk 0:06:35]}
Kf6 {[%clk 0:26:08]} 34. Bb5 {[%clk 0:06:25]} g5 {[%clk 0:24:07]} 35. fxg5+
{[%clk 0:06:16]} hxg5 {[%clk 0:24:55]} 36. Bd7 {[%clk 0:06:22]} Bd6 {[%clk
0:17:07]} 37. Ke2 {[%clk 0:06:29]} Ke5 {[%clk 0:15:35]} 1/2-1/2